The production and processing of inorganic materials / (Record no. 598330)
[ view plain ]
| 000 -LEADER | |
|---|---|
| fixed length control field | 00354nam a2200121Ia 4500 |
| 008 - FIXED-LENGTH DATA ELEMENTS--GENERAL INFORMATION | |
| fixed length control field | 230907s9999||||xx |||||||||||||| ||und|| |
| 082 ## - DEWEY DECIMAL CLASSIFICATION NUMBER | |
| Classification number | 620.14 |
| Author Mark | EVA |
| 100 ## - MAIN ENTRY--PERSONAL NAME | |
| Personal name | : Evans, James W. |
| 9 (RLIN) | 115405 |
| 245 #4 - TITLE STATEMENT | |
| Title | The production and processing of inorganic materials / |
| 260 ## - PUBLICATION, DISTRIBUTION, ETC. | |
| Place of publication, distribution, etc. | TMS Publications, |
| Name of publisher, distributor, etc. | Pennsylvania : |
| Date of publication, distribution, etc. | 2002 |
| 300 ## - PHYSICAL DESCRIPTION | |
| Extent | xiv, 532 p. |
| 942 ## - ADDED ENTRY ELEMENTS (KOHA) | |
| Koha item type | Book |
| Withdrawn status | Lost status | Damaged status | Not for loan | Permanent Location | Current Location | Date acquired | Total Checkouts | Full call number | Barcode | Date last seen | Price effective from | Koha item type |
|---|---|---|---|---|---|---|---|---|---|---|---|---|
| US-Pakistan Center for Advanced Studies in Energy (USPCAS-E) | US-Pakistan Center for Advanced Studies in Energy (USPCAS-E) | 08/03/2018 | 620.14 EVA | CAS-E0002429 | 09/12/2023 | 09/12/2023 | Book |
